Statistics for Oldest City in Each State

Click here to take the quiz!

General Stats

  • This quiz has been taken 773 times
  • The average score is 23 of 50

Answer Stats

Year Town State % Correct
1610Santa FeNew Mexico
98%
1614AlbanyNew York
94%
1617Jersey CityNew Jersey
93%
1565St. AugustineFlorida
91%
1636ProvidenceRhode Island
82%
1702MobileAlabama
79%
1733SavannahGeorgia
79%
1847Salt Lake CityUtah
78%
1620PlymouthMassachusetts
78%
1670CharlestonSouth Carolina
78%
1634Green BayWisconsin
78%
1775TucsonArizona
77%
1867CheyenneWyoming
70%
1699BiloxiMississippi
68%
1856Sioux FallsSouth Dakota
65%
1774UnalaskaAlaska
65%
1825VancouverWashington
63%
1680PeoriaIllinois
62%
1610HamptonVirginia
60%
1769Santa CruzCalifornia
60%
1794HiloHawaii
57%
1668Sault Ste. MarieMichigan
50%
1785DubuqueIowa
49%
1623DoverNew Hampshire
39%
1854LeavenworthKansas
37%
1817Fort SmithArkansas
35%
1630BerwickMaine
35%
1631LewesDelaware
34%
1644ChesterPennsylvania
33%
1634St. Mary's CityMaryland
32%
1724BrattleboroVermont
32%
1633WindsorConnecticut
32%
1714NatchitochesLouisiana
31%
1811AstoriaOregon
30%
1732VincennesIndiana
23%
1705BathNorth Carolina
20%
1762ShepherdstownWest Virginia
18%
1735Ste. GenevieveMissouri
17%
1779JonesboroughTennessee
17%
1680YsletaTexas
17%
1826WabashaMinnesota
16%
1779Martins FerryOhio
14%
1851San LuisColorado
13%
1871VinitaOklahoma
13%
1774HarrodsburgKentucky
13%
1835BellevueNebraska
12%
1847Fort BentonMontana
11%
1860FranklinIdaho
11%
1797PembinaNorth Dakota
10%
1850GenoaNevada
8%

Score Distribution

Percentile by Number Answered

Percent of People with Each Score

Your Score History

You have not taken this quiz